Statistics for Towns of the four British nations IX

Click here to take the quiz!

General Stats

  • This quiz has been taken 13 times
  • The average score is 9 of 20

Answer Stats

QuestionAnswer% Correct
DownpatrickNorthern Ireland
100%
Church PulverbatchEngland
75%
PortlethenScotland
75%
CarnforthEngland
67%
CarrickfergusNorthern Ireland
67%
CrewkerneEngland
58%
HolywellWales
58%
RandalstownNorthern Ireland
50%
PerranporthEngland
42%
Kirk HammertonEngland
42%
PortstewartNorthern Ireland
42%
OldmeldrumScotland
42%
MilltimberScotland
42%
ChirkWales
33%
FishtoftEngland
25%
AmmanfordWales
25%
PorthlevenEngland
17%
Weston RhynEngland
17%
HeathhallScotland
17%
Three CocksWales
17%

Score Distribution

Percentile by Number Answered

Percent of People with Each Score

Your Score History

You have not taken this quiz